| 000 | 00747nas a2200265Ia 4500 | ||
|---|---|---|---|
| 001 | dd38-52183 | ||
| 003 | IT-MiCISF | ||
| 008 | 161014c99999999xx |||||||||||| ||und|| | ||
| 040 |
_aIT-MiCISF _cIT-MiCISF |
||
| 041 | _aITALIANO | ||
| 100 | _aPinto Rosa | ||
| 210 | _aRocca | ||
| 222 | _aRocca | ||
| 245 | 0 | _aLe famiglie pietrificate | |
| 250 | _a1a ed. | ||
| 260 | _c2013 | ||
| 501 |
_bCISF - Centro Internazionale Studi Famiglia - Via Giotto, 36 20145 MILANO (non commercial uses only) _cCopyright 2016 |
||
| 300 | _app. 38-41 | ||
| 362 | _a 1 gennaio [2013] | ||
| 500 | _a Tema: salute-mentale, famiglia, sanità , servizi | ||
| 650 |
_asalute cura _varticolo |
||
| 700 | _aAA.VV. | ||
| 942 | _cCR | ||
| 957 | _71 | ||
| 999 |
_a52183 _bSi _g1 _c218352 _d218352 |
||